The Economics of Intellectual Property Rights in China : Patents, Trade, and Foreign Direct Investment /

-д хадгалсан:
Номзүйн дэлгэрэнгүй
Үндсэн зохиолч: Johannes Liegsalz (autor)
Формат: Ном
Хэл сонгох:англи
Хэвлэсэн: Wiesbaden, Alemania : Springer Gabler, 2010, c2010
Онлайн хандалт:Ver documento en línea
Шошгууд: Шошго нэмэх
Шошго байхгүй, Энэхүү баримтыг шошголох эхний хүн болох!

MARC

LEADER 00000nam^a22000000a04500
001 000597558
009 20260411195115.072
020 |a 978-3-8349-8865-2 
037 |a Acervo ITESO - Biblioteca 
041 |a ING 
082 |a Libro en línea 
100 |a Johannes Liegsalz  |e (autor) 
245 |a The Economics of Intellectual Property Rights in China :  |b Patents, Trade, and Foreign Direct Investment / 
264 4 |a Wiesbaden, Alemania :  |b Springer Gabler,  |c 2010, c2010 
264 2 |a Cham, Suiza :  |b Springer Link [distribución],  |c 2025 
300 |a 1 libro electrónico en línea (XVI, 167 p.) 
300 |a 1 recurso en línea 
336 |a datos para computadora  |b cod  |2 rdacontenido 
337 |a computadora  |b c  |2 rdamedio 
338 |a recurso en línea  |b cr  |2 rdasoporte 
506 0 |a Licencias ilimitadas 
567 |a Catalogación rápida 
649 |a XX 
856 4 0 |u https://link-springer-com.ezproxy.iteso.mx/10.1007/978-3-8349-8865-2  |y Ver documento en línea 
910 |a Fondo General 
920 |a Electrónicos - Libros en Línea 
930 |a Plataforma Digital 
905 |a 205 
902 |a https://opac.biblio.iteso.mx/vufind/Record/000597558